| 000 | 00968cad a22002535a 4500 | ||
|---|---|---|---|
| 001 | E151628 | ||
| 008 | 101123s2010 xxk f 100 0 eng d | ||
| 020 | _a9781842196199 | ||
| 035 | _a(Sirsi) u151628 | ||
| 041 | 0 | _aeng | |
| 100 | 1 | _aOdusami, K. T. | |
| 111 | 2 |
_aConstruction and Building Research Conference _cDauphine Universite, Paris _d2-3 September 2010 |
|
| 245 | 0 | 3 |
_aAn evaluation of quality performance indicators at corporate and project levels in Nigeria _h[electronic resource] |
| 260 |
_aLondon _bRICS _c2010 |
||
| 520 | _aA paper presented at the COBRA Conference in Paris on 2-3 September 2010. | ||
| 590 | _aKA | ||
| 650 | 2 | 4 | _aCONSTRUCTION AND BUILDING RESEARCH CONFERENCE (COBRA) |
| 651 | 4 | _aNigeria | |
| 690 | _aMANAGEMENT-QUALITY MANAGEMENT | ||
| 700 | 1 | _aBello, W. A. | |
| 700 | 1 | _aWilliams, O. | |
| 856 | 4 | 0 |
_uhttps://www.rics.org/site/scripts/download_info.aspx?fileID=7914&categoryID=720 _zBroken link - not available |
| 942 | _n0 | ||
| 999 |
_c111497 _d111497 |
||